[Event "Olomouc After GP Mladi"]
[Site "Olomouc"]
[Date "1997.??.??"]
[Round "3"]
[White "Polak, Tomas"]
[Black "Biolek, Richard"]
[Result "1-0"]
[WhiteElo "2470"]
[BlackElo "2410"]
[Annotator "Meulders,R"]
[PlyCount "85"]
[EventDate "1997.08.05"]
[EventType "tourn"]
[EventRounds "11"]
[EventCountry "CZE"]
[EventCategory "10"]
[SourceTitle "CBM 061"]
[Source "ChessBase"]
[SourceDate "1997.11.23"]
[SourceVersion "1"]
[SourceVersionDate "1997.11.23"]
[SourceQuality "1"]

1. d4 {Hecht} d6 2. Nf3 f5 3. g3 g6 4. Bg2 Bg7 5. O-O Nf6 6. c4 O-O 7. Nc3 Qe8
8. d5 c6 9. Rb1 Na6 10. Nd4 Bd7 11. b3 Nc7 12. Bb2 c5 13. Nf3 (13. Nc2 a6 (
13... b5 14. cxb5 Nxb5 15. Nxb5 Bxb5 16. Na3 a5 17. Nxb5 Qxb5 18. a4 Qb4 19.
Qc2 Nd7 20. Bc1 Rab8 21. Bd2 Qb6 22. e4 Ne5 23. exf5 Rxf5 24. Qe4 Kf8 25. Kh1
Nd7 26. f4 Bd4 27. g4 Rf7 28. g5 Kg7 29. Bh3 Nf8 30. Bg4 Qa6 31. h4 Rxb3 32.
Be2 Rh3+ 33. Kg2 Qc8 34. h5 Ra3 35. Bf3 Rxa4 36. Rfe1 Ra3 37. h6+ Kg8 38. Rb5
Ra2 39. Re2 a4 {0-1 Cekro,E-Kobese,W/Erevan olm 1996/EXT 96ch2}) 14. b4 b6 15.
Ba1 Rb8 16. bxc5 bxc5 17. Rxb8 Qxb8 18. Qd2 Na8 19. e4 Nb6 20. Ne3 Ng4 21. exf5
Nxe3 22. Qxe3 Bxf5 23. Qe2 Qe8 24. Ne4 Bxa1 25. Rxa1 Qf7 26. Rb1 Nd7 27. Rb7
Qg7 {Hjartarson,J-Gurevich,M/Reykjavik Summit 1990/CBM 18/[Schussler]/1-0 (39)}
) 13... h6 (13... b5 14. cxb5 (14. Qd3 Rb8 15. Nd2 g5 16. e3 Ng4 17. Qe2 f4 18.
Nce4 Bxb2 19. Rxb2 fxe3 20. fxe3 Qg6 21. Rbb1 Ne5 22. Rxf8+ Rxf8 23. Rf1 Rb8 {
1/2-1/2 Petrov,J-Knoflicek,S/Stockerau op 1993/EXT 93op}) 14... Nxb5 15. Nxb5
Bxb5 16. Ng5 Bd7 17. Qd3 h6 18. Ne6 Bxe6 19. dxe6 Rb8 20. Rfe1 Qb5 21. Qc2 Qa6
22. Ba1 Rb4 23. Bc3 Rb6 24. h4 Qc8 25. e4 fxe4 26. Bxf6 Rxf6 27. Rxe4 h5 28.
Rbe1 {Ronneland,D-Rasmussen,P/Copenhagen op 1995/EXP 47/1-0 (47)}) 14. Nd2 a6
15. e3 b5 16. Qc2 Rb8 17. Rbe1 e5 18. dxe6 Bxe6 19. e4 Qf7 20. Nd5 bxc4 21.
Nxc4 Nxe4 22. Bxg7 Kxg7 23. Nxd6 Nxd6 24. Nxc7 Bc4 25. bxc4 Qxc7 26. Re6 Rfe8
27. Rfe1 Qa5 28. Rxe8 Rxe8 29. Qb2+ Kh7 30. Rxe8 Nxe8 31. Qb7+ Nc7 (31... Ng7
32. Bd5 g5 33. Qc8 Kg6 34. Bb7 Qxa2 35. Qc6+ Kh5 36. Bxa6 (36. Qxc5 $4 Qb1+ $19
) 36... Qa1+ 37. Kg2 g4 38. Bb7 Qd4 39. Qc7 Kg5 40. Bd5 $14) 32. Kf1 Kg7 33. h4
Kf6 34. Qc6+ Ke7 (34... Kg7 35. Qd7+ Kf6 36. Qd8+ Kg7 37. Qe7+ Kg8 38. Qf6 $18)
35. Qxg6 $18 Qc3 36. Bh3 Qxc4+ 37. Kg1 Qe6 38. Qh7+ Kd6 39. Bxf5 Qxa2 40. Qxh6+
Ne6 41. Qxe6+ Qxe6 42. Bxe6 Kxe6 {[#] The two isolated Black pawns separated
by a file tie down the White king, to be sure, but the three connected White
passed pawns will win by zugzwang! Black's attempt to support his own passed
pawns with his king is interesting. [#] Hecht Die zwei durch eine Linie
getrennten vereinzelten schwarzen Freibauern binden zwar den weißen König,
doch gewinnen die d r e i verbundenen weißen Freibauern infolge Zugzwang!
Interessant ist der Versuch des Schwarzen, die eigenen Freibauern mit dem
König zu unterstützen.} 43. Kf1 (43. Kf1 a5 44. Ke2 a4 45. Kd3 a3 46. Kc3 $18 (
46. Kc3 {Hecht} c4 47. h5 Kf5 48. g4+ Kg5 (48... Ke4 49. h6 a2 50. Kb2 c3+ 51.
Kxa2 Kd3 52. h7 c2 53. h8=Q c1=Q 54. Qh3+ Ke4 (54... Kc2 55. Qb3+ Kd2 56. Qb2+
$18) (54... Kc4 55. Qb3+ Kc5 (55... Kd4 56. Qb2+ $18) 56. Qa3+ $18) 55. Qe3+
Qxe3 56. fxe3 $18) 49. f4+ Kh6 50. f5 Kg5 51. Kc2 $18 {Zugzwang! Zugzwang!}))
1-0

[Event "EU-Cup 32nd"]
[Site "Novi Sad"]
[Date "2016.11.08"]
[Round "3.3"]
[White "Jakovenko, Dmitrij"]
[Black "Williams, Simon Kim"]
[Result "1-0"]
[WhiteElo "2709"]
[BlackElo "2444"]
[Annotator "Meulders,R"]
[PlyCount "53"]
[EventDate "2016.11.06"]
[EventType "team-swiss"]
[EventRounds "7"]
[EventCountry "SRB"]
[SourceTitle "CBM 176"]
[Source "ChessBase"]
[SourceDate "2017.01.17"]
[SourceVersion "1"]
[SourceVersionDate "2017.01.17"]
[SourceQuality "1"]
[WhiteTeam "Alkaloid"]
[BlackTeam "Cheddleton"]
[WhiteTeamCountry "MKD"]
[BlackTeamCountry "ENG"]

1. d4 e6 2. Nf3 f5 3. g3 Nf6 4. Bg2 g6 {After seemingly opting for a Classical
Dutch position, Black switches to the Leningrad Dutch, with an early...e6.
Later on the game transposes to well-known Leningrad positions, however.} 5.
O-O Bg7 6. c4 O-O 7. Nc3 d6 8. Re1 Ne4 {The most popular move here.} 9. Qc2
Nxc3 (9... d5 {is very rarely played. The only game at a reasonably high level
goes like this:} 10. Be3 c6 11. Rad1 Nxc3 (11... Nd7 12. Bf4 Qa5 13. Nd2 $14)
12. Qxc3 Nd7 13. Nd2 a5 14. Bf4 Qe7 15. a3 Nf6 16. Be5 g5 17. f3 g4 18. Nb3 (
18. c5 $1) 18... a4 19. Nc1 $14 {1/2-1/2 (58) Krnic,Z (2380)-Novoselski,Z 
(2280) Kladovo 1980}) 10. bxc3 e5 (10... Nc6 11. e4 e5 12. exf5 gxf5 13. dxe5
dxe5 14. Ba3 Re8 15. Rad1 Qf6 16. Nd4 a6 17. Bd5+ Kh8 18. Nxc6 bxc6 19. Qa4 Bb7
20. Bg2 e4 21. Rd7 $14 {1-0 (36) Vocaturo,D (2587)-Sandipan,C (2619) Barcelona
2014}) 11. e4 (11. dxe5 dxe5 12. Ba3 Re8 13. e4 Nc6 14. exf5 Bxf5 15. Qb3 Na5
16. Qa4 b6 $2 (16... e4 17. Nd4 b6 18. Nxf5 gxf5 $14) 17. Rad1 Qc8 18. Ng5 c6
19. c5 Qc7 20. Bb4 Kh8 21. Bxa5 bxa5 22. Bxc6 Bc2 23. Nf7+ Kg8 24. Qc4 Kf8 25.
Ng5 Bxd1 26. Rxd1 Rab8 27. Bxe8 Kxe8 28. Qg8+ {1-0 (28) Giri,A (2642)
-Reinderman,D (2608) Eindhoven 2010}) 11... f4 12. gxf4 $1 (12. c5 Nc6 13. Qb3+
$2 (13. gxf4) 13... Kh8 14. cxd6 cxd6 (14... fxg3 $1) 15. dxe5 Nxe5 16. Nxe5
dxe5 $11 17. Ba3 Rf6 18. Rad1 Qc7 19. Qb5 $6 (19. c4) 19... Bg4 20. f3 a6 21.
Qd5 Be6 22. Qd6 Qxc3 $15 23. Bb4 Qc4 24. a3 a5 25. Bxa5 $4 (25. Rc1 $15) 25...
Bf8 $1 26. Qxe5 Qc5+ 27. Qxc5 Bxc5+ 28. Kh1 Rxa5 {0-1 (28) Maisuradze,N (2302)
-Muzychuk,M (2491) Warsaw 2013}) 12... exf4 13. Ba3 g5 $6 {Whereas White is
fully developed, Black is playing without his entire queenside! It was time to
develop the knight.} (13... Nc6 14. c5 dxc5 15. Bxc5 Re8 16. Qb3+ Kh8 17. Qd5
h6 18. Qxd8 Nxd8 19. Nh4 $14) 14. e5 g4 15. Nd2 f3 16. Bf1 Bh6 $6 {Still
ignoring the lack of development but at this stage the options offer just as
little hope as the text move:} (16... c5 17. exd6 Bf5 18. Bd3 Bxd3 19. Qxd3 Qh4
20. Re4 Qh3 21. Qf1 Qh5 22. Rb1 b6 23. dxc5 Be5 24. Rxe5 Qxe5 25. Qd3 Rf7 26.
Ne4 bxc5 27. Bxc5 Nd7 28. Bd4 Qf5 29. c5 Re8 30. Re1 Rc8 31. Qe3 $18) (16...
Nc6 17. exd6 cxd6 18. Ne4 Bf5 19. Qb3 Bxe4 20. Rxe4 Qd7 21. Bxd6 Na5 22. Qa3
Rfe8 23. Rae1 Rxe4 24. Rxe4 b6 25. c5 $18) 17. Ne4 $18 Bf5 18. Qb3 Nd7 19. c5+
Kh8 20. cxd6 $18 g3 $2 {Resigning is more elegant but thrusting yourself on to
the sword is more fun.} 21. Nxg3 Qh4 22. dxc7 Rg8 23. Qxb7 Qg4 24. e6 Nf6 25.
Bd6 Bf4 26. Bxf4 Qxf4 27. Qb5 ({A nice finish might have been} 27. Qb5 Ne4 28.
Rxe4 $1 Bxe4 29. Re1 Rac8 30. Qd7 Bg6 (30... Rxc7 31. Rxe4) 31. Re5 Qc1 32. Re3
$1 Bf5 $1 33. Qd6 Bh3 34. Qe5+ Rg7 35. Re1 Qh6 36. e7 Re8 37. d5 Rexe7 38. Qxe7
Rxe7 39. Rxe7 Qc1 40. d6 Qd1 41. Re8+ Kg7 42. Rd8 $18) 1-0

[Event "Chengdu FIDE GP (Women)"]
[Site "Chengdu"]
[Date "2016.07.04"]
[Round "3"]
[White "Tan, Zhongyi"]
[Black "Muzychuk, Anna"]
[Result "1/2-1/2"]
[WhiteElo "2495"]
[BlackElo "2545"]
[Annotator "Meulders,R"]
[PlyCount "80"]
[EventDate "2016.07.02"]
[EventType "tourn"]
[EventRounds "11"]
[EventCountry "CHN"]
[EventCategory "11"]
[SourceTitle "CBM 174"]
[Source "ChessBase"]
[SourceDate "2016.09.13"]
[SourceVersion "1"]
[SourceVersionDate "2016.09.13"]
[SourceQuality "1"]

1. d4 f5 2. c4 Nf6 3. g3 g6 4. Bg2 Bg7 5. Nf3 O-O 6. O-O d6 7. Nc3 Qe8 8. b3 {
On the face of it a quiet setup, but play may quickly become quite exciting.} (
8. d5 {is by far the most principled move:} Na6 (8... e5) (8... a5 9. Nd4 Na6
10. b3 Bd7 11. Bb2 Nc5 12. Qc2 c6 13. Rad1 Rc8 14. Qb1 g5 15. a3 Qh5 16. b4
axb4 17. axb4 Nce4 18. dxc6 bxc6 19. f3 c5 20. Nxf5 Bxf5 21. fxe4 cxb4 (21...
Be6 22. Nd5 $11) 22. Nd5 Nxd5 23. Bxg7 Kxg7 24. cxd5 Bg4 25. Qxb4 Bxe2 26. Rxf8
Rxf8 27. Re1 Bf3 28. Qd4+ Kg8 29. Qe3 Bxg2 30. Kxg2 Qg6 31. Rf1 Rxf1 32. Kxf1 {
1/2-1/2 (32) Postny,E (2631)-Pruijssers,R (2529) Germany 2014}) 9. Be3 (9. Rb1
Bd7 10. Nd4 c6 11. dxc6 bxc6 12. b4 Nxb4 13. Rxb4 c5 14. Ncb5 cxb4 15. Nc7 Qc8
16. Nxa8 Ne4 17. Nc2 Qxa8 18. Nxb4 Be6 19. Nd5 Bxd5 20. cxd5 Nc3 21. Qd3 Nxa2
22. Bg5 Qb7 23. e4 Nc3 24. exf5 Rxf5 25. Bd2 Qb5 26. Qe3 Qe2 $15 {0-1 (77)
Wojtaszek,R (2716)-Malaniuk,V (2554) Trzcianka 2014}) (9. Nd4 Nc5 10. b3 Bd7
11. Bb2 c6 12. Rb1 a5 13. Ba3 Nfe4 14. Nxe4 Nxe4 15. Bb2 cxd5 16. cxd5 a4 17.
Ne6 Bxb2 18. Rxb2 (18. Nxf8 Nc3 19. Qd2 Nxb1 20. Qxb2 Qxf8 21. Rxb1 $11) 18...
Bxe6 19. dxe6 Qb5 20. Qd4 Qc5 21. Qxc5 Nxc5 22. b4 Ne4 23. Rc1 a3 24. Rb3 b5
25. Rc7 Rfc8 26. Rxc8+ (26. Bxe4 fxe4 27. Rxe7 Rc2 28. Rb7 Rxa2 29. Kg2 Ra1 30.
Rxb5 Kg7 31. Ra5 Rb8 32. Re3 Rxb4 33. Ra7+ Kf6 34. e7 Rb8 35. Rxe4 Re8 36. Rea4
d5 37. Rxa3 Rxa3 38. Rxa3 Rxe7 39. Kf3 Rf7 40. e3 Ke5+ 41. Ke2 $16) 26... Rxc8
27. Bxe4 fxe4 28. Rxa3 Kg7 $11 {1/2-1/2 (43) Svidler,P (2769)-Nakamura,H (2775)
Stavanger 2013}) 9... Bd7 10. Qd2 Ng4 11. Bd4 Ne5 12. b3 c5 13. dxc6 Bxc6 14.
Rad1 b6 15. Nd5 e6 16. Nc3 Rd8 17. Rfe1 Nc5 18. Qb2 Bxf3 19. Bxf3 Ncd3 20. Rxd3
Nxd3 21. exd3 Bxd4 $17 {0-1 (39) Eljanov,P (2723)-Svidler,P (2753) Dubai 2014})
8... e5 9. dxe5 dxe5 10. e4 {The typical move in this position. White must not
allow ...e4!} Nc6 11. Nd5 Qd7 (11... Rf7 12. Ng5 Rd7 13. exf5 gxf5 14. Bb2 h6
$2 (14... Nb4 $5 15. Re1 Nbxd5 16. cxd5 e4 17. f3 Qg6 18. Qc1 Re7 19. Rb1 h6
20. Ba3 Re5 21. Ne6 Bxe6 22. dxe6 c6 23. e7 Re8 $14) 15. Nxf6+ Bxf6 16. Bd5+
Kg7 17. Nf3 e4 18. Bxf6+ Kxf6 19. Nh4 $18 {1-0 (34) Kasimdzhanov,R (2685)
-Miroshnichenko,E (2651) Konya 2011}) 12. Ba3 Re8 13. exf5 e4 14. Ng5 Qxf5 $1 (
14... gxf5 $2 15. Nxf6+ Bxf6 16. Qh5 Bxa1 17. Rxa1 Re7 18. Bxe7 Qxe7 19. Rd1
Qg7 20. f3 $18) 15. Nxc7 Qxg5 $1 (15... Rd8 16. Qc1 Nd4 17. Re1 Ng4 18. Qf4 $18
) 16. Nxe8 $1 (16. Nxa8 Bg4 $15) 16... Nxe8 17. Bxe4 $1 {It's not a good idea
to hang on to the exchange, especially since Black can't take it anyway:} (17.
Rc1 Nf6 18. Bb2 Bf5 $15) 17... Bh3 (17... Bxa1 $4 18. Bd5+ Kg7 19. Qxa1+ Nf6
20. h4 Qf5 21. Re1 Bd7 22. Re4 Re8 23. g4 $1 $18) 18. Re1 Nf6 19. Bxc6 bxc6 20.
Qf3 $14 Rc8 21. Bb2 Bg4 22. Qd3 (22. Qg2 $14) 22... Bf5 23. h4 $6 {This
simplifies the position, but there was a good way to fight for the advantage.}
(23. Qd1 $1 Bg4 24. f3 Bh3 25. Re5 Bf5 26. f4 Qh6 27. Re7 $16) 23... Qg4 24.
Qd4 (24. Qe2 Qxe2 25. Rxe2 $14) 24... Qxd4 25. Bxd4 Rc7 26. Rad1 {According to
the 'mathematical' calculation that R + 2 pawns is slightly better than B + N,
White has a tiny advantage, especially if you are a computer. As far as humans
are concerned, there may be no advantage, however, since in practice two light
pieces often keep the balance against a rook and two pawns. In fact, play may
be a little easier for the side that has the two light pieces.} (26. f3 $14 {
might be a slightly better try, even though the outcome should also be a draw.
I give a long line calculated by Deep Fritz 14. I think most humans, even very
strong players, would find this long variation very taxing on the nerves,
especially in time trouble!} Rd7 27. Rad1 Bc2 28. Rd2 Nh5 29. Rxc2 Bxd4+ 30.
Kg2 Kf7 31. b4 c5 32. Rd2 Rc7 33. Red1 Nf6 34. b5 Ne8 35. Re2 Nd6 36. Rc1 Nf5
37. a4 Ne3+ 38. Kh3 Kf6 39. a5 Rf7 40. a6 Rd7 41. g4 h5 42. Kg3 hxg4 43. fxg4
Ke5 44. Rf1 Ke4 45. Rf3 Kd3 46. Ra2 Rd8 47. Ra3+ Kxc4 48. Rfxe3 Bxe3 49. Rxe3
Kxb5 50. Kf4 c4 51. Kg5 Rd6 52. h5 gxh5 53. gxh5 Kb4 54. h6 c3 55. h7 Rd8 56.
Re7 c2 57. Rc7 Kb3 58. Kg6 Kb2 59. Rb7+ Ka3 60. Rc7 Kb2 61. Rb7+ Kc3 62. Rc7+
Kd2 63. Kg7 c1=Q 64. Rxc1 Kxc1 65. h8=Q Rxh8 66. Kxh8 Kc2 67. Kg7 Kb3 68. Kf7
Kc4 69. Ke7 Kb5 70. Kd6 Kxa6 71. Kc5 $11) 26... Kf7 27. Be5 Re7 28. Bc3 (28. f3
Bf8 29. Kg2 Nd7 30. Bd4 Rxe1 31. Rxe1 a6 32. g4 Be6 $11) 28... Rxe1+ 29. Rxe1
h5 30. Bb4 (30. f3 $14) 30... Ne4 31. f3 Bd4+ 32. Kg2 Nc5 33. Bd2 Nd3 34. Re2
c5 {Black has a rock solid position.} 35. a3 (35. Bg5 a6 $11) 35... Bb2 36. Bg5
Bxa3 37. Re7+ Kg8 38. Re8+ Kf7 39. Re7+ Kg8 40. Re8+ Kf7 1/2-1/2

[Event "Baku FIDE GP"]
[Site "Baku"]
[Date "2014.10.07"]
[Round "5"]
[White "Mamedyarov, Shakhriyar"]
[Black "Grischuk, Alexander"]
[Result "1/2-1/2"]
[WhiteElo "2764"]
[BlackElo "2797"]
[Annotator "Meulders,R"]
[PlyCount "61"]
[EventDate "2014.10.02"]
[EventType "tourn"]
[EventRounds "11"]
[EventCountry "AZE"]
[EventCategory "21"]
[SourceTitle "CBM 163"]
[Source "ChessBase"]
[SourceDate "2014.11.11"]
[SourceVersion "1"]
[SourceVersionDate "2014.11.11"]
[SourceQuality "1"]

1. d4 f5 2. c4 Nf6 3. g3 g6 4. Bg2 Bg7 5. Nc3 d6 6. Nf3 O-O 7. O-O Qe8 8. Re1
Qf7 9. e4 fxe4 (9... Nxe4 $2 10. Nxe4 fxe4 11. Rxe4 Nc6 $1 {A better try, but
not equalising:} (11... Bf5 $2 {This fast leads to a losing position:} 12. Ng5
Qf6 13. Rh4 h6 14. Bd5+ e6 15. Nxe6 Bxe6 16. Rf4 Bxd5 (16... Qe7 17. Re4 $18)
17. Rxf6 Rxf6 18. cxd5 Nd7 19. Qc2 Rc8 20. Qa4 Nb6 21. Qxa7 Re8 22. Be3 Nxd5
23. Qxb7 Nxe3 24. fxe3 Rxe3 25. Rf1 {1-0 (25) Gharamian,T (2632)-Nijboer,F 
(2567) Maastricht 2010}) 12. Be3 (12. Qe2 Bf5 13. Rh4 h5 14. Be3 $14 {1-0 (37)
Meier,G (2638)-Berelowitsch,A (2566) Marrakesh 2010}) 12... Bf5 (12... h6 13.
d5 Ne5 14. Nxe5 dxe5 15. c5 $16) 13. Ng5 Qf6 14. Re6 $1 Bxe6 15. Nxe6 Rf7 16.
Bh3 $16) 10. Ng5 (10. Nxe4 Nc6 $1 $11) 10... Qxc4 11. Ngxe4 Nxe4 12. Rxe4 Qf7
13. Rf4 Bf6 14. Nd5 g5 {This is mentioned in Moskalenko's book 'The Diamond
Dutch'. It is risky, but necessary} (14... Na6 $2 {is insufficient if White
plays well:} 15. Qb3 Kg7 16. Nxf6 exf6 17. Bd5 Qd7 18. Re4 Qd8 19. Qe3 Kh8 20.
Re7 g5 21. Bd2 c6 22. Bf7 $2 (22. Re1 $1 $18 cxd5 23. Qf3 Nc7 24. Qh5 Bf5 25.
Qh6 $18) 22... Nc7 23. Re1 Be6 $1 $11 24. Rxc7 Rxf7 25. Rxf7 Bxf7 26. d5 Bxd5
27. Bc3 Kg8 28. h4 h6 29. Qd3 Qf8 30. Qf5 Qf7 31. Bxf6 Re8 32. Rxe8+ Qxe8 33.
Kh2 Be6 34. Qa5 gxh4 35. Bxh4 Qf8 36. Qxa7 c5 37. f4 Bd5 38. Qa5 Qe8 39. Qd8 {
1/2-1/2 (39) Bacrot,E (2705)-Pruijssers,R (2519) Germany 2012}) 15. Rf3 c6 $1
$146 {This looks like homework and leads to a more or less forced sequel. The
alternatives are not so hot:} (15... Na6 16. Qb3 $1 Kh8 17. Nxf6 Qxb3 18. axb3
exf6 19. Bxg5 Kg7 20. Bd2 d5 21. b4 c6 22. b5 $16) (15... Nc6 16. Be3 Kh8 17.
Nxc7 Rb8 18. Nd5 h6 19. g4 Be6 20. Nxf6 exf6 21. Rh3 Bd5 22. Rxh6+ Kg7 23. Rh3
Rh8 24. Rxh8 Rxh8 25. h3 Re8 26. a3 $14) 16. Nc7 Bg4 17. d5 (17. Nxa8 Bxf3 18.
Bxf3 Na6 19. Bh5 Qd5 20. Bf3 Qf7 $11) 17... cxd5 18. Bxg5 Nd7 $11 19. Nxa8 {
Beginning a variation ending in an opposite bishop copybook draw.} ({The
alternative} 19. Bxf6 {gives White some pressure and compensation but a pawn
is a pawn...} Bxf3 20. Qxf3 Nxf6 21. Nxa8 Rxa8 22. Rc1 e6 23. Qe3 Kg7 24. Qg5+
Kh8 25. Qf4 Qe7 $11) 19... Bxf3 20. Qxf3 Bxg5 21. Qxd5 Qxd5 22. Bxd5+ Kh8 23.
Nc7 Rc8 24. Ne6 Bf6 25. Re1 Nc5 26. Re2 Nxe6 27. Bxe6 Rc1+ 28. Kg2 Rb1 29. Bd5
Rxb2 30. Rxb2 Bxb2 31. Bxb7 1/2-1/2